Libertad y planificación social /
Guardado en:
| Autor Principal: | |
|---|---|
| Otros Autores: | |
| Formato: | Libro |
| Idioma: | Spanish |
| Publicado: |
México :
Fondo de Cultura Económica,
1942.
|
| Edición: | 1a. ed. |
| Materias: | |
| Etiquetas: |
Agregar Etiqueta
Sin Etiquetas, Sea el primero en etiquetar este registro!
|
| LEADER | 00501nam a22001575a 4500 | ||
|---|---|---|---|
| 001 | DER.der012218 | ||
| 008 | 180615s1942####mx#||||||||||||||#||spa|| | ||
| 005 | 20251226080423.0 | ||
| 245 | 1 | 0 | |a Libertad y planificación social / |c Karl Mannheim ; versión española de Rubén Landa. |
| 250 | |a 1a. ed. | ||
| 260 | |a México : |b Fondo de Cultura Económica, |c 1942. | ||
| 300 | |a 476 p. | ||
| 100 | 1 | |a Mannheim, Karl | |
| 700 | 1 | |a Landa, Rubén., |e trad. | |
| 650 | 7 | |a SOCIOLOGIA | |
| 859 | |a DERECHO |b BIB. DERECHO |h 301 |i MAN |p 006927 | ||
